Statistics for Lowest Life expectancy in the world

Click here to take the quiz!

General Stats

  • This quiz has been taken 15 times
  • The average score is 12 of 15

Answer Stats

YearsAnswer% Correct
53.8Nigeria
100%
50.6Chad
100%
55.9Niger
100%
52.8Central African Republic
93%
52.7Zambia
86%
52.8Somalia
86%
55.9Uganda
86%
53.7Mozambique
79%
58.6Sierra Leone
79%
52.1Eswatini
71%
53Lesotho
71%
51.6Guinea-Bissau
64%
55.9Burkina Faso
64%
51.7Afghanistan
57%
52.1Gabon
43%

Score Distribution

Percentile by Number Answered

Percent of People with Each Score

Your Score History

You have not taken this quiz